000 00475nam a2200157Ia 4500
005 20241021014727.0
008 240331s9999 xx 000 0 und d
020 _a9559055208
082 _bSIR
_a821
100 _aSiriwardena, R
245 4 _aThe end of a golden string :
_ban introduction to romantic poetry and an anthology
260 _aSri Lanka
_bThe British Council
300 _a144 p .,
500 _aAn Introduction to Romantic Poetry and an Anthology.
942 _cL
999 _c3347
_d3347